The making of an ex-astronaut.

Bibliographic Details
Main Author: O'Leary, Brian, 1940-
Format: Book
Language:English
Published: Boston : Houghton Mifflin, 1970.
Subjects:

MARC

Tag First Indicator Second Indicator Subfields
LEADER 00000cam a2200000 4500
001 in00000098872
005 20150926125534.0
008 700518s1970 mauac 00000aeng
010 |a  70112277  
035 |a (OCoLC)00073560 
035 |9 AAL3549AM 
040 |a DLC  |c DLC  |d TXA  |d UtOrBLW 
049 |a TXAM  |c [639800] 
050 0 0 |a TL789.85.O4  |b A3 
082 0 |a 629.4/0924  |a B 
090 |a TL789.85.O4  |b A3 1970 
100 1 |a O'Leary, Brian,  |d 1940- 
245 1 4 |a The making of an ex-astronaut. 
264 1 |a Boston :  |b Houghton Mifflin,  |c 1970. 
300 |a xii, 243 pages :  |b illustrations, portraits ;  |c 22 cm. 
336 |a text  |b txt  |2 rdacontent 
337 |a unmediated  |b n  |2 rdamedia 
338 |a volume  |b nc  |2 rdacarrier 
500 |a Includes index. 
650 0 |a Astronauts  |z United States. 
999 |a MARS 
999 f f |s a315b21f-0864-36c0-8c4d-466597693bd2  |i 5494f191-78b8-3c6c-817c-73d77d6e9f1e  |t 0 
952 f f |p ric  |a Texas A&M University  |b Rellis Campus  |c Joint Library Facility  |s JLF  |d Remote Storage  |t 0  |e TL789.85.O4 A3  |h Library of Congress classification  |i unmediated -- volume  |m A14805556859 
998 f f |a TL789.85.O4 A3  |t 0  |l Remote Storage